| 000 | 00464nam a22001697a 4500 | ||
|---|---|---|---|
| 003 | NUST | ||
| 005 | 20260305123544.0 | ||
| 008 | 260305b ||||| |||| 00| 0 eng d | ||
| 020 | _a 978-3031233203 | ||
| 082 |
_a621.3678 _bJUN |
||
| 100 |
_a Jun-Yi Guo. _9133584 |
||
| 245 |
_aPhysical Geodesy: A Theoretical Introduction / _c Jun-Yi Guo. |
||
| 260 |
_aSwitzerland: _bSpringer, _c2023. |
||
| 300 |
_a193 p ; _c36.00 cm |
||
| 563 | _aHardcover | ||
| 942 |
_2ddc _cBK |
||
| 999 |
_c616527 _d616527 |
||